000 01311nam a2200337 i 4500
003 EG-GICUC
005 20260121101646.0
008 260104s2016 LBN||||f |||| 00| 0 ara d
020 _a9786144232378
040 _a EG-GICUC
_bara
_c EG-GICUC
_d EG-GICUC
_erda
041 _aara
082 0 4 _221
_a345.693
_bس ع . ر
092 0 4 _221
099 _aLaw1 07 345.693 س ع . ر 1 ed - 2016
100 0 _aسعد عطية حمد موسى الجبوري
_eمؤلف.
245 1 2 _aالرقابة على الإنفاق العام في العقود الحكومية /
_cالدكتور سعد عطية حمد موسى الجبوري .
250 _aالطبعة الأولى
264 1 _aلبنان :
_bالمؤسسة الحديثة للكتاب ،
_c2016 .
300 _a471 ؛ صفحة
_c24 سم
336 _2rda content
_atext
337 _2rda media
_aComputer
338 _2rda carrier
_aOnline Resource
504 _a. 471-460 ببليوجرافيا: صفحات.
504 _aيشتمل على إرجاعات ببليوجرافية
650 1 _aالرقابة القضائية علي اعمال الادارة
_2qrmak
650 1 _aالقانون الإداري
651 1 _2qrmak
856 4 0 _uhttps://fll.law.cu.edu.eg/fulltext/bks/B07-02431.pdf
905 _a61
942 _2ddc
_cBK
_e21
_n0
999 _c54468
_d54468